000 00902nam0a22002651 4500
001 rc\728848
005 20250622111631.0
035 _a(NLR Aleph) 006259745
090 _a6835922
_c6835922
100 _a20040301d1985 |||y0rusy50 ca
101 0 _arus
102 _aRU
105 _ay |||||||||
200 1 _aКнига для учителя по обучению китайскому языку в 1 классе средней школы с преподаванием ряда предметов на китайском языке
210 _aМ.
_cПросвещение
_d1985
215 _a143 с.
_d20
700 1 _aОрчинская
_bН.А.
701 1 _aТын
_bК.В.
_gКалерия Вениаминовна
801 0 _aRU
_bNLR
_gpsbo
801 1 _aRU
_bELAR
_2rusmarc
852 _aNLR
_bОЛСАА-кит.
_j2-10010
942 _cBOOK
980 1 _aCHIN
980 _aNB